000 00398nab a2200133Ia 4500
003 ES-SlBCS
005 20210601125240.0
008 140529s1979 xxu||||| |||| 00| 0 eng d
041 _aeng
100 1 _aCrawford, T. D.
_9155966
245 0 0 _aOn the Uses of Its and Ought
_c T. D. Crawford
773 0 _tPhilosophy and Phenomenological Research
_gvol. 39, 1979, págs. 592-594
_wRev1411
942 _cAR
999 _c527230
_d527230